[Event "Quart de Poblet Sub2300 1st"]
[Site "Quart de Poblet"]
[Date "2013.07.20"]
[Round "2.7"]
[White "Benedicto Nunez, Juan Antonio"]
[Black "Montalban Galvez, Antonio"]
[Result "1-0"]
[WhiteElo "1874"]
[BlackElo "2197"]
[PlyCount "73"]
[EventDate "2013.07.20"]
[EventType "swiss"]
[EventRounds "7"]
[EventCountry "ESP"]
[SourceTitle "EXT 2024"]
[Source "ChessBase"]
[SourceDate "2023.10.10"]
[SourceVersion "1"]
[SourceVersionDate "2023.10.10"]
[SourceQuality "1"]

1. d4 Nf6 2. c4 c5 3. Nf3 cxd4 4. Nxd4 Nc6 5. g3 Qb6 6. Nb3 e6 7. Bg2 Bb4+ 8. Bd2 0-0 9. 0-0 Be7 10. Bc3 d6 11. N1d2 e5 12. e3 Be6 13. Qe2 a5 14. Ne4 Nxe4 15. Bxe4 f5 16. Bd5 Bxd5 17. cxd5 Nb4 18. Qd2 Qb5 19. Nxa5 Nd3 20. Nb3 e4 21. Nc1 Nc5 22. Ne2 Na4 23. Nf4 Nxc3 24. bxc3 Bf6 25. Rfc1 Rfc8 26. Rab1 Qc4 27. Rxb7 Rxa2 28. Qd1 Bxc3 29. Qh5 Qa6 30. Qf7+ Kh8 31. Rc7 Ra1 32. Rxa1 Qxa1+ 33. Kg2 Qa8 34. Ra7 Qb8 35. Ne6 Qb2 36. Qxf5 Be1 37. Ng5 1-0